| 000 | 00334nam a22001217a 4500 | ||
|---|---|---|---|
| 082 |
_a942.082 _bBRI _c31, P-45 |
||
| 245 |
_aBritain _bA Reference Handbook |
||
| 260 |
_aLondon: _bCentral Office of Information, _c1952. |
||
| 300 | _avii, 295 p.: | ||
| 526 |
_a0 _b0 _c0 _d942_082000000000000_BRI |
||
| 650 |
_aMCE _9379 |
||
| 942 |
_2ddc _cBK |
||
| 999 |
_c549780 _d549780 |
||